[Event "Medellin Sub zt 2.3.2"]
[Site "Medellin"]
[Date "2025.04.17"]
[Round "6"]
[White "Castro Castro, Joaquin"]
[Black "Becker Newmark, Jeronimo"]
[Result "1-0"]
[WhiteElo "1987"]
[BlackElo "1828"]
[PlyCount "69"]
[EventDate "2025.04.14"]
[EventType "swiss"]
[EventRounds "9"]
[EventCountry "COL"]
[SourceTitle "CB18_2025"]
[SourceDate "2025.04.30"]
[SourceVersion "1"]
[SourceVersionDate "2025.04.30"]
[SourceQuality "1"]

1. e4 e6 2. d4 d5 3. e5 c5 4. c3 Qb6 5. Nf3 Nc6 6. Be2 cxd4 7. cxd4 Nh6 8. Bxh6 Qxb2 9. Nbd2 gxh6 10. 0-0 Qa3 11. Re1 Bb4 12. Bb5 Bd7 13. Re3 Qa5 14. Bxc6 Bxc6 15. Nb3 Qd8 16. Rc1 0-0 17. Ne1 Kh8 18. Rh3 Rg8 19. Nd3 Be7 20. Qh5 Bb5 21. Ne1 Bg5 22. Rc5 Be8 23. Qe2 b6 24. Rc2 Rc8 25. Rhc3 Rxc3 26. Rxc3 a5 27. Nd2 f5 28. exf6 Qxf6 29. Ndf3 Bf4 30. Ne5 Qg5 31. Rc7 Bh5 32. Nf7+ Bxf7 33. Rxf7 Bd2 34. h4 Qg6 35. Qe5+ 1-0

[Event "Medellin Sub zt 2.3.2"]
[Site "Medellin"]
[Date "2025.04.16"]
[Round "4"]
[White "Toro Ramirez, Samuel"]
[Black "Becker Newmark, Jeronimo"]
[Result "0-1"]
[WhiteElo "1994"]
[BlackElo "1828"]
[PlyCount "204"]
[EventDate "2025.04.14"]
[EventType "swiss"]
[EventRounds "9"]
[EventCountry "COL"]
[SourceTitle "CB18_2025"]
[SourceDate "2025.04.30"]
[SourceVersion "1"]
[SourceVersionDate "2025.04.30"]
[SourceQuality "1"]

1. e4 e6 2. d4 d5 3. Nc3 Nf6 4. Bg5 Bb4 5. e5 h6 6. Bc1 Ne4 7. Qg4 g6 8. a3 Bxc3+ 9. bxc3 Nxc3 10. Bd3 c5 11. dxc5 Nc6 12. Nf3 Qe7 13. Be3 Bd7 14. 0-0 0-0-0 15. a4 f5 16. Qxg6 Ne4 17. Qh5 Qg7 18. Nh4 Rdg8 19. f4 Qe7 20. Bxe4 dxe4 21. Bf2 Rg4 22. h3 Be8 23. Nxf5 exf5 24. Qxf5+ Bd7 25. Qxe4 Rg7 26. Kh2 Rhg8 27. g4 h5 28. g5 Qe6 29. Ra3 Qf5 30. Qe3 Be6 31. Rd1 Rf7 32. Rd6 Nd8 33. c6 Qxf4+ 34. Qxf4 Rxf4 35. c7 Nf7 36. Be3 Nxd6 37. Bxf4 Nf5 38. a5 Rg7 39. a6 b6 40. Be3 Rxc7 41. Bxb6 Rxc2+ 42. Kg1 axb6 43. a7 Bd5 44. a8Q+ Bxa8 45. Rxa8+ Kd7 46. g6 Rc3 47. Kf2 Rg3 48. Rf8 Rg5 49. Rf6 b5 50. Rb6 Ne7 51. Rxb5 Ke6 52. Rb8 Rxe5 53. Re8 Rg5 54. Rh8 Nxg6 55. Rh6 Kf5 56. Rh7 Kf6 57. Kf3 Ra5 58. Kg3 Kg5 59. Rg7 Ra3+ 60. Kh2 Kh6 61. Rb7 Nf4 62. Rb5 Rxh3+ 63. Kg1 Rg3+ 64. Kh1 Rg5 65. Rb8 Ra5 66. Rg8 Ng6 67. Kh2 Ra3 68. Kg2 Kg5 69. Kh2 Kf5 70. Rb8 Kg4 71. Rg8 Ra6 72. Rg7 Kh4 73. Rb7 Ra2+ 74. Kh1 Nf4 75. Rb8 Kg4 76. Rb1 h4 77. Rb3 Nh5 78. Kg1 Nf4 79. Rb5 Ne2+ 80. Kh1 Ng3+ 81. Kg1 Ra1+ 82. Kh2 Rh1+ 83. Kg2 h3+ 84. Kf2 Rf1+ 85. Ke3 Rf3+ 86. Kd2 h2 87. Rb4+ Rf4 88. Rb1 h1Q 89. Rxh1 Nxh1 90. Ke3 Ra4 91. Kd3 Kf3 92. Kc3 Ke3 93. Kc2 Rc4+ 94. Kb2 Kd3 95. Kb3 Nf2 96. Kb2 Ng4 97. Kb3 Ne5 98. Kb2 Rb4+ 99. Ka3 Kc3 100. Ka2 Nc4 101. Ka1 Kc2 102. Ka2 Ra4# 0-1

[Event "COL-ch U18"]
[Site "Bucaramanga"]
[Date "2025.04.06"]
[Round "7"]
[White "Garzon Camelo, Andres Santiago"]
[Black "Becker Newmark, Jeronimo"]
[Result "1-0"]
[WhiteElo "2126"]
[BlackElo "1828"]
[PlyCount "55"]
[EventDate "2025.04.03"]
[EventType "swiss"]
[EventRounds "7"]
[EventCountry "COL"]
[SourceTitle "CB15_2025"]
[SourceDate "2025.04.09"]
[SourceVersion "1"]
[SourceVersionDate "2025.04.09"]
[SourceQuality "1"]

1. e4 e6 2. d4 d5 3. Nc3 Nf6 4. e5 Nfd7 5. f4 c5 6. Nf3 Nc6 7. Be3 a6 8. Ne2 b5 9. c3 Qb6 10. a3 a5 11. Ng3 g6 12. Bd3 Be7 13. Qe2 0-0 14. h4 b4 15. axb4 cxb4 16. c4 b3 17. c5 Qa7 18. Bd2 Ba6 19. h5 Bxd3 20. Qxd3 Qa6 21. Qe3 Qb5 22. hxg6 fxg6 23. f5 Rxf5 24. Nxf5 exf5 25. Rxh7 Kxh7 26. Qh6+ Kg8 27. Qxg6+ Kh8 28. 0-0-0 1-0

[Event "COL-ch U18"]
[Site "Bucaramanga"]
[Date "2025.04.04"]
[Round "2"]
[White "Becker Newmark, Jeronimo"]
[Black "Cabiativa, Juan Esteban"]
[Result "0-1"]
[WhiteElo "1828"]
[BlackElo "2183"]
[PlyCount "38"]
[EventDate "2025.04.03"]
[EventType "swiss"]
[EventRounds "7"]
[EventCountry "COL"]
[SourceTitle "CB15_2025"]
[SourceDate "2025.04.09"]
[SourceVersion "1"]
[SourceVersionDate "2025.04.09"]
[SourceQuality "1"]

1. d4 d5 2. Nf3 Nf6 3. Bf4 c5 4. e3 Nc6 5. Nbd2 Nh5 6. dxc5 Nxf4 7. exf4 g6 8. Bd3 Bh6 9. g3 Qa5 10. 0-0 Qxc5 11. c4 0-0 12. a3 dxc4 13. Bxc4 Bg4 14. b4 Qh5 15. Qb3 Bh3 16. Rfe1 Bxf4 17. Ne4 Bg4 18. Be2 Bh6 19. Rac1 Bxc1 0-1

[Event "COL-ch U20"]
[Site "Bogota"]
[Date "2025.01.30"]
[Round "3"]
[White "Guevara Garcia, Miguel Angel"]
[Black "Becker Newmark, Jeronimo"]
[Result "1-0"]
[WhiteElo "1666"]
[BlackElo "1904"]
[PlyCount "65"]
[EventDate "2025.01.29"]
[EventType "tourn"]
[EventRounds "9"]
[EventCountry "COL"]
[SourceTitle "CB06_2025"]
[SourceDate "2025.02.05"]
[SourceVersion "1"]
[SourceVersionDate "2025.02.05"]
[SourceQuality "1"]

1. d4 d5 2. c4 e6 3. Nf3 Nf6 4. g3 h6 5. Bg2 Bd6 6. Nbd2 0-0 7. 0-0 c5 8. dxc5 Bxc5 9. Nb3 Bb6 10. cxd5 exd5 11. Bf4 Nc6 12. Nfd4 Bg4 13. Re1 Re8 14. Nxc6 bxc6 15. Rc1 Rc8 16. h3 Bh5 17. Nc5 Qe7 18. Be3 Rcd8 19. Qa4 Rc8 20. b3 Nd7 21. b4 Ne5 22. Bd4 Nc4 23. e3 Bg6 24. Kh2 h5 25. h4 Bf5 26. e4 Be6 27. exd5 cxd5 28. Nxe6 fxe6 29. Bxd5 Bxd4 30. Bxe6+ Qxe6 31. Rxe6 Rxe6 32. Qd7 Rcc6 33. Rxc4 1-0

[Event "COL Intercollege op"]
[Site "Bogota"]
[Date "2024.11.24"]
[Round "7"]
[White "Campo Jimenez, David"]
[Black "Becker Newmark, Jeronimo"]
[Result "1/2-1/2"]
[WhiteElo "1854"]
[BlackElo "1848"]
[PlyCount "37"]
[EventDate "2024.11.21"]
[EventType "swiss"]
[EventRounds "7"]
[EventCountry "COL"]
[SourceTitle "CB48_2024"]
[SourceDate "2024.11.28"]
[SourceVersion "1"]
[SourceVersionDate "2024.11.28"]
[SourceQuality "1"]

1. e4 e6 2. d4 d5 3. Bd3 dxe4 4. Bxe4 Nf6 5. Bf3 c5 6. Ne2 Nc6 7. Be3 cxd4 8. Nxd4 Ne5 9. Nc3 Be7 10. Ndb5 0-0 11. Qxd8 Nxf3+ 12. gxf3 Bxd8 13. Nxa7 Bd7 14. Nab5 Ba5 15. Ke2 Nd5 16. Rhg1 Nxc3+ 17. Nxc3 Bxc3 18. bxc3 Bb5+ 19. Ke1 1/2-1/2

[Event "COL Intercollege op"]
[Site "Bogota"]
[Date "2024.11.23"]
[Round "6"]
[White "Becker Newmark, Jeronimo"]
[Black "Alvarez Fuentes, David Leandro"]
[Result "1-0"]
[WhiteElo "1848"]
[BlackElo "1756"]
[PlyCount "69"]
[EventDate "2024.11.21"]
[EventType "swiss"]
[EventRounds "7"]
[EventCountry "COL"]
[SourceTitle "CB48_2024"]
[SourceDate "2024.11.28"]
[SourceVersion "1"]
[SourceVersionDate "2024.11.28"]
[SourceQuality "1"]

1. d4 Nf6 2. Bf4 d5 3. e3 e6 4. Nd2 c5 5. Ngf3 Nc6 6. c3 Bd6 7. Bg3 0-0 8. Bd3 b6 9. e4 dxe4 10. Nxe4 Be7 11. dxc5 bxc5 12. 0-0 Bb7 13. h3 h6 14. Qe2 Qb6 15. Rad1 Rad8 16. Rd2 g6 17. Bf4 Nxe4 18. Bxe4 Rxd2 19. Qxd2 Rd8 20. Qc2 Kh7 21. Re1 Bf6 22. h4 Ne7 23. Ne5 Bxe5 24. Bxe5 Bxe4 25. Rxe4 f5 26. Re1 Nd5 27. Qe2 Re8 28. c4 Nb4 29. Rd1 Qb7 30. Rd6 Nc6 31. Qf3 Rc8 32. Rxe6 Qd7 33. Qd5 Qb7 34. Bf6 Rc7 35. Re8 1-0

[Event "Bucaramanga Santander-ch"]
[Site "Bucaramanga"]
[Date "2024.11.02"]
[Round "8"]
[White "Acosta Villarroel, Lorner Justus"]
[Black "Becker Newmark, Jeronimo"]
[Result "1-0"]
[WhiteElo "2168"]
[BlackElo "1848"]
[PlyCount "41"]
[EventDate "2024.10.29"]
[EventType "swiss"]
[EventRounds "9"]
[EventCountry "COL"]
[SourceTitle "CB45_2024"]
[Source "ChessBase"]
[SourceDate "2024.11.06"]
[SourceVersion "1"]
[SourceVersionDate "2024.11.06"]
[SourceQuality "1"]

1. d4 d5 2. Nf3 Nf6 3. e3 c5 4. b3 Nc6 5. Bb2 Bf5 6. a3 e6 7. Be2 Rc8 8. 0-0 cxd4 9. exd4 Be7 10. Nbd2 0-0 11. Re1 Ne4 12. Nf1 Na5 13. Ne3 Bg6 14. Ne5 Nc3 15. Bxc3 Rxc3 16. b4 Nc4 17. Bxc4 dxc4 18. Nxg6 hxg6 19. Qd2 Rxe3 20. Qxe3 Qd5 21. c3 1-0

[Event "Bucaramanga Santander-ch"]
[Site "Bucaramanga"]
[Date "2024.11.02"]
[Round "9"]
[White "Becker Newmark, Jeronimo"]
[Black "Carvajal Barreto, Gian Lucas"]
[Result "1-0"]
[WhiteElo "1848"]
[BlackElo "1608"]
[PlyCount "67"]
[EventDate "2024.10.29"]
[EventType "swiss"]
[EventRounds "9"]
[EventCountry "COL"]
[SourceTitle "CB45_2024"]
[Source "ChessBase"]
[SourceDate "2024.11.06"]
[SourceVersion "1"]
[SourceVersionDate "2024.11.06"]
[SourceQuality "1"]

1. d4 d5 2. Bf4 Bf5 3. e3 Nc6 4. c4 e6 5. Nc3 Bd6 6. Bxd6 Qxd6 7. Nf3 Nf6 8. c5 Qd7 9. Bb5 a6 10. Ne5 Qc8 11. Bxc6+ bxc6 12. Qa4 Qb7 13. Qxc6+ Qxc6 14. Nxc6 0-0 15. Ne7+ Kh8 16. Nxf5 exf5 17. 0-0 Rab8 18. Rfb1 Rb7 19. b3 c6 20. f3 Rfb8 21. Rb2 a5 22. Rab1 h6 23. a3 Ng8 24. b4 axb4 25. axb4 Ne7 26. b5 cxb5 27. Rxb5 Rxb5 28. Rxb5 Ra8 29. Rb7 Re8 30. Kf2 Kg8 31. Rd7 Kf8 32. Nxd5 Nxd5 33. Rxd5 Rc8 34. Rxf5 1-0

[Event "Bucaramanga Santander-ch"]
[Site "Bucaramanga"]
[Date "2024.11.01"]
[Round "7"]
[White "Ruiz Aguilar, Pablo Alexander"]
[Black "Becker Newmark, Jeronimo"]
[Result "1/2-1/2"]
[WhiteElo "2212"]
[BlackElo "1848"]
[PlyCount "144"]
[EventDate "2024.10.29"]
[EventType "swiss"]
[EventRounds "9"]
[EventCountry "COL"]
[SourceTitle "CB45_2024"]
[Source "ChessBase"]
[SourceDate "2024.11.06"]
[SourceVersion "1"]
[SourceVersionDate "2024.11.06"]
[SourceQuality "1"]

1. Nf3 d5 2. d4 Nf6 3. c4 e6 4. Nc3 h6 5. e3 a6 6. cxd5 exd5 7. Bd3 Bd6 8. h3 0-0 9. 0-0 Re8 10. b3 c6 11. Bb2 Nbd7 12. Rc1 Ne4 13. Bxe4 dxe4 14. Nd2 Nf6 15. f4 Nd5 16. Nxd5 cxd5 17. Qh5 Bb4 18. Nb1 b6 19. Bc3 Bf8 20. Be1 Bb7 21. Bh4 Qd7 22. f5 Rac8 23. f6 g6 24. Qg4 Qxg4 25. hxg4 g5 26. Bg3 Rxc1 27. Rxc1 Rc8 28. Rc7 Rxc7 29. Bxc7 b5 30. a3 b4 31. a4 Bc8 32. Kf2 Bxg4 33. Nd2 Bd1 34. Ke1 Bc2 35. g4 Kh7 36. Bd8 Bd6 37. Be7 Bc7 38. Bxb4 a5 39. Be7 Kg6 40. Kf2 h5 41. gxh5+ Kxh5 42. b4 axb4 43. Bxb4 Bxa4 44. Nf1 Kh4 45. Kg2 g4 46. Be1+ Kg5 47. Bg3 Bd8 48. Be5 Bd1 49. Ng3 Ba5 50. Kf2 Bb4 51. Nf1 Bc2 52. Ng3 Bd3 53. Nh1 Bc4 54. Ng3 Ba5 55. Nh1 Ba6 56. Ng3 Bb5 57. Nh1 Bb6 58. Ng3 Ba6 59. Nh1 Ba5 60. Ng3 Bd8 61. Kg2 Bb5 62. Kf2 Ba4 63. Ne2 Bxf6 64. Bxf6+ Kxf6 65. Kg3 Kg5 66. Nf4 Bb3 67. Ne2 Ba2 68. Nf4 Bc4 69. Ng2 Bb3 70. Nf4 Ba2 71. Ne2 Kf5 72. Nf4 Kg5 1/2-1/2

[Event "COL-ch Blitz"]
[Site "Bucaramanga"]
[Date "2024.10.27"]
[Round "3.11"]
[White "Becker Newmark, Jeronimo"]
[Black "Narvaez Ramirez, Faber Alberto"]
[Result "0-1"]
[WhiteElo "1812"]
[BlackElo "1991"]
[PlyCount "38"]
[EventDate "2024.10.27"]
[EventType "swiss (blitz)"]
[EventRounds "11"]
[EventCountry "COL"]
[SourceTitle "CB44_2024"]
[Source "Chessbase"]
[SourceDate "2024.10.30"]
[SourceVersion "1"]
[SourceVersionDate "2024.10.30"]
[SourceQuality "1"]

1. d4 d5 2. Bf4 c5 3. e3 Nc6 4. Nf3 Nf6 5. Nbd2 Qb6 6. dxc5 Qxb2 7. Rb1 Qc3 8. Bb5 Qxc5 9. c4 e6 10. 0-0 Be7 11. Nb3 Qa3 12. Nbd4 Bd7 13. Qc2 0-0 14. Rb3 Qa5 15. Rfb1 Rac8 16. Bg5 dxc4 17. Qxc4 Nxd4 18. Qxd4 Bxb5 19. Rxb5 Qxb5 0-1

[Event "COL-ch Blitz"]
[Site "Bucaramanga"]
[Date "2024.10.27"]
[Round "7.9"]
[White "Restrepo Loaiza, Luis Fernando"]
[Black "Becker Newmark, Jeronimo"]
[Result "0-1"]
[WhiteElo "2092"]
[BlackElo "1812"]
[PlyCount "130"]
[EventDate "2024.10.27"]
[EventType "swiss (blitz)"]
[EventRounds "11"]
[EventCountry "COL"]
[SourceTitle "CB44_2024"]
[Source "Chessbase"]
[SourceDate "2024.10.30"]
[SourceVersion "1"]
[SourceVersionDate "2024.10.30"]
[SourceQuality "1"]

1. e4 e6 2. Nc3 d5 3. d4 Nf6 4. Bg5 Bb4 5. e5 h6 6. Bd2 Bxc3 7. bxc3 Ne4 8. Bd3 Nxd2 9. Qxd2 c5 10. Nf3 Nc6 11. 0-0 Qa5 12. Rfd1 0-0 13. a4 Bd7 14. Bb5 cxd4 15. cxd4 Qxd2 16. Rxd2 Rfc8 17. Rb1 Rc7 18. h4 Rac8 19. Bd3 Na5 20. Ra1 Nc4 21. Rdd1 Nb2 22. Rdb1 Nxd3 23. cxd3 Kf8 24. a5 a6 25. Kh2 Bb5 26. Ra3 Rc3 27. Rbb3 Rxb3 28. Rxb3 Rc2 29. Kg3 Ra2 30. Rc3 Rxa5 31. Rc8+ Ke7 32. Rc7+ Bd7 33. Rxb7 Ra3 34. Ra7 Ke8 35. Kf4 Bb5 36. Ra8+ Ke7 37. Ra7+ Ke8 38. g4 Rxd3 39. Ra8+ Ke7 40. Ra7+ Ke8 41. g5 hxg5+ 42. hxg5 Ra3 43. g6 fxg6 44. Rxg7 Be2 45. Ng5 a5 46. Rxg6 Rd3 47. Rxe6+ Kf8 48. Rd6 a4 49. Rxd5 a3 50. Ra5 Bd1 51. d5 Rd4+ 52. Ke3 Ra4 53. Rc5 a2 54. Rc8+ Kg7 55. Ne6+ Kh6 56. Rc1 a1Q 57. Rxa1 Rxa1 58. d6 Bg4 59. Nd4 Re1+ 60. Kf4 Bd7 61. Nf3 Re2 62. Kg3 Kg7 63. Kg2 Bc6 64. Kg3 Bxf3 65. Kxf3 Rxe5 0-1

[Event "American Continental Blitz 18th"]
[Site "Medellin"]
[Date "2024.05.29"]
[Round "8"]
[White "Becker Newmark, Jeronimo"]
[Black "Toro Castaneda, Elizabeth"]
[Result "1-0"]
[WhiteElo "1868"]
[BlackElo "1949"]
[PlyCount "65"]
[EventDate "2024.05.29"]
[EventType "swiss (blitz)"]
[EventRounds "9"]
[EventCountry "COL"]
[SourceTitle "CBM 220 Extra"]
[Source "ChessBase"]
[SourceDate "2024.07.31"]
[SourceVersion "1"]
[SourceVersionDate "2024.07.31"]
[SourceQuality "1"]

1. d4 Nf6 2. Bf4 g6 3. Nc3 Bg7 4. e4 d6 5. Qd2 0-0 6. 0-0-0 Nbd7 7. Nf3 c5 8. Bh6 cxd4 9. Nxd4 Nc5 10. f3 Qa5 11. h4 Na4 12. Bxg7 Kxg7 13. Nb3 Qb4 14. a3 Nxc3 15. axb4 Nxd1 16. Qxd1 Be6 17. Nd4 Bd7 18. Bc4 Rac8 19. Bb3 h5 20. Qd2 Rc7 21. Re1 e5 22. Ne2 Rfc8 23. Qxd6 Bb5 24. Qxe5 Bd3 25. Nc3 Bc4 26. Bxc4 Rxc4 27. Rd1 R8c6 28. Rd6 Rxd6 29. Qxd6 Rc6 30. Qe5 Kg8 31. Nd5 Nxd5 32. exd5 Rb6 33. d6 1-0

[Event "American Continental 18th"]
[Site "Medellin"]
[Date "2024.05.29"]
[Round "8"]
[White "Gutierrez Herrera, Jose Antonio"]
[Black "Becker Newmark, Jeronimo"]
[Result "1/2-1/2"]
[WhiteElo "1984"]
[BlackElo "1868"]
[PlyCount "106"]
[EventDate "2024.05.24"]
[EventType "swiss"]
[EventRounds "11"]
[EventCountry "COL"]
[SourceTitle "CBM 220 Extra"]
[Source "ChessBase"]
[SourceDate "2024.07.31"]
[SourceVersion "1"]
[SourceVersionDate "2024.07.31"]
[SourceQuality "1"]

1. e4 e6 2. d4 d5 3. Nc3 Nf6 4. Bg5 Bb4 5. e5 h6 6. Bd2 Bxc3 7. bxc3 Ne4 8. Qg4 g6 9. Bd3 Nxd2 10. Kxd2 c5 11. dxc5 Bd7 12. Nf3 Nc6 13. Rhe1 Qc7 14. Qf4 Rc8 15. Qf6 Rg8 16. Nd4 Na5 17. Nb5 Bxb5 18. Bxb5+ Kf8 19. Re3 Qxc5 20. Rf3 Qe7 21. Rb1 Qxf6 22. Rxf6 Rc5 23. Rf4 Ke7 24. Bd3 Rgc8 25. Rb5 Rxb5 26. Bxb5 a6 27. Be2 Nc6 28. Rh4 Nxe5 29. Rxh6 Nc4+ 30. Kc1 Nd6 31. h4 Kf6 32. Rh7 Ne4 33. g4 Nxc3 34. g5+ Ke7 35. Bd3 Nxa2+ 36. Kb2 Nb4 37. Bxg6 Rf8 38. Bxf7 Nc6 39. Bh5+ Kd6 40. f3 Nd4 41. Rxb7 Nf5 42. Bg4 Nxh4 43. Rb6+ Kc5 44. Rxe6 Nxf3 45. Bxf3 Rxf3 46. Rxa6 Rg3 47. Rg6 Kd4 48. Rg8 Ke5 49. g6 Kf6 50. Rf8+ Ke7 51. Rg8 Kf6 52. Rd8 Ke6 53. Rg8 Kf6 1/2-1/2

[Event "American Continental 18th"]
[Site "Medellin"]
[Date "2024.05.28"]
[Round "7"]
[White "Becker Newmark, Jeronimo"]
[Black "Guerrero Avila, Hernando"]
[Result "1-0"]
[WhiteElo "1868"]
[BlackElo "1745"]
[PlyCount "107"]
[EventDate "2024.05.24"]
[EventType "swiss"]
[EventRounds "11"]
[EventCountry "COL"]
[SourceTitle "CBM 220 Extra"]
[Source "ChessBase"]
[SourceDate "2024.07.31"]
[SourceVersion "1"]
[SourceVersionDate "2024.07.31"]
[SourceQuality "1"]

1. d4 d6 2. e4 Nf6 3. Nc3 c6 4. Bf4 g6 5. Qd2 Qa5 6. Nf3 Bg4 7. Be2 Bg7 8. 0-0 Bxf3 9. Bxf3 0-0 10. e5 dxe5 11. dxe5 Nfd7 12. e6 fxe6 13. Bg4 e5 14. Bh6 Nf6 15. Be6+ Kh8 16. Rfe1 Na6 17. Bxg7+ Kxg7 18. Qg5 Nc7 19. Bb3 h6 20. Rxe5 hxg5 21. Rxa5 g4 22. Re1 e6 23. Bxe6 Rfe8 24. Rae5 Nxe6 25. Rxe6 Rxe6 26. Rxe6 Re8 27. Rxe8 Nxe8 28. Ne4 Nc7 29. Kf1 Nd5 30. c4 Nf4 31. Nd6 Nd3 32. b3 Nc1 33. Nxb7 Nxa2 34. Na5 Nb4 35. Ke2 Kf6 36. Kd2 Ke5 37. Kc3 Na2+ 38. Kb2 Nb4 39. Ka3 c5 40. Ka4 a6 41. Nb7 Kd4 42. Ka5 g5 43. Kb6 Nd3 44. f3 gxf3 45. gxf3 Ne5 46. Nxc5 Nxf3 47. Ne6+ Ke5 48. Nxg5 Nxg5 49. h4 Nf7 50. c5 Kd5 51. c6 Kd6 52. h5 a5 53. h6 Nxh6 54. c7 1-0

[Event "American Continental 18th"]
[Site "Medellin"]
[Date "2024.05.27"]
[Round "5"]
[White "Becker Newmark, Jeronimo"]
[Black "Duran Vega, Sergio"]
[Result "1/2-1/2"]
[WhiteElo "1868"]
[BlackElo "2356"]
[PlyCount "85"]
[EventDate "2024.05.24"]
[EventType "swiss"]
[EventRounds "11"]
[EventCountry "COL"]
[SourceTitle "CBM 220 Extra"]
[Source "ChessBase"]
[SourceDate "2024.07.31"]
[SourceVersion "1"]
[SourceVersionDate "2024.07.31"]
[SourceQuality "1"]

1. d4 Nf6 2. Bf4 d5 3. e3 c5 4. c3 Nc6 5. Nd2 Bf5 6. Qb3 Qd7 7. Ngf3 c4 8. Qd1 b5 9. a3 h6 10. h3 e6 11. Be2 Bd6 12. Ne5 Bxe5 13. dxe5 Ne4 14. Nxe4 Bxe4 15. f3 Bh7 16. 0-0 Na5 17. a4 Nb3 18. Qxb3 cxb3 19. Bxb5 Qxb5 20. axb5 Bd3 21. Rfd1 Bxb5 22. Ra5 a6 23. Kf2 Ke7 24. Rd4 Bc4 25. e4 g5 26. Be3 Rhg8 27. Rd1 Rac8 28. Bc5+ Kd7 29. Rd4 h5 30. Bb4 Rg6 31. Rc5 Rxc5 32. Bxc5 Kc6 33. Be7 Kd7 34. Bb4 Rg8 35. h4 g4 36. fxg4 hxg4 37. Kg3 Be2 38. exd5 exd5 39. Rxd5+ Ke6 40. Rd2 Bc4 41. Rd4 Be2 42. Re4 Bd1 43. Rd4 1/2-1/2

[Event "American Continental 18th"]
[Site "Medellin"]
[Date "2024.05.25"]
[Round "3"]
[White "Ojeda, Jesus David"]
[Black "Becker Newmark, Jeronimo"]
[Result "1-0"]
[WhiteElo "2075"]
[BlackElo "1868"]
[PlyCount "85"]
[EventDate "2024.05.24"]
[EventType "swiss"]
[EventRounds "11"]
[EventCountry "COL"]
[SourceTitle "CBM 220 Extra"]
[Source "ChessBase"]
[SourceDate "2024.07.31"]
[SourceVersion "1"]
[SourceVersionDate "2024.07.31"]
[SourceQuality "1"]

1. d4 d5 2. e3 Nf6 3. Bd3 e6 4. Nf3 b6 5. Qe2 Bb7 6. Nbd2 Nbd7 7. e4 dxe4 8. Nxe4 Be7 9. h4 c5 10. Bf4 Nxe4 11. Bxe4 Bxe4 12. Qxe4 Rc8 13. dxc5 Nxc5 14. Qc4 0-0 15. 0-0 Qd5 16. Qxd5 exd5 17. Rad1 Na4 18. Rxd5 Rxc2 19. Be5 f6 20. Nd4 Rc5 21. Nf5 Re8 22. Nxe7+ Rxe7 23. Rd8+ Kf7 24. Bd6 Nxb2 25. Bxc5 bxc5 26. Rc8 c4 27. Rc1 a5 28. a4 Nxa4 29. R8xc4 Nb6 30. Rc7 Nd5 31. Rxe7+ Nxe7 32. Rc5 Kg6 33. h5+ Kh6 34. Rxa5 f5 35. Re5 Ng8 36. Rxf5 Nf6 37. f4 Nxh5 38. g4 g6 39. Rf7 Ng3 40. Re7 g5 41. f5 Nf1 42. Re6+ Kg7 43. Kxf1 1-0